000 01005cam a2200289 4500
001 3626816
003 ARRUPE
005 20141219133912.0
008 740321s1971 rh a 100 0 eng
010 _a 74157740
020 _a0582641055
040 _aDLC
_cDLC
_dDLC
043 _af-rh---
050 0 0 _aSPC QC991.R5
_bB86
082 0 0 _a551.5/09689/1
245 0 4 _aThe Bundu book of meteorology, wayfinding, and rock climbing, and way finding
260 _aSalisbury
_b Longman Rhodesia for the Standing Conference of National Voluntary Youth Organisations in Rhodesia
_c1971
300 _a103 p.
_billus.
_c18 cm.
440 _nBundu book
_p4
_913485
650 0 _aRock climbing.
_913294
650 0 _aOutdoor life
_xSafety measures.
_913295
651 0 _aZimbabwe
_xClimate.
_913296
700 _aHattle, Jack
_913298
711 2 _aStanding Conference of National Voluntary Youth Organisations in Rhodesia.
_913297
906 _a7
_bcbc
_corignew
_d4
_encip
_f19
_gy-gencatlg
942 _2lcc
_cSPC
999 _c121460
_d121460